000 00365nam a22001571a 4500
020 _a9788126425280
082 _aM3
_bPRA/D
100 _aPraveen K V
245 _aDijan Lee/
_cby Praveen K V
260 _aKottayam:
_bD C Books,
_c2009.
300 _a114p.
650 _aNovel Malayalam
650 _aLiterature Malayalam
650 _aLiterature
942 _cBK
999 _c10882
_d10882